000 00321nam a2200121Ia 4500
008 190216s9999||||xx |||||||||||||| ||und||
100 _aBoard Of Studies In Malayalam
245 0 _aNavakairali (kavitha Samaharam)
260 _bCalicut University Publications
_c1998
300 _a56p
650 _aKavithkal
942 _cBK
999 _c28060
_d28060